[Event "EU-ch (Women) 24th"]
[Site "Rhodes"]
[Date "2024.04.27"]
[Round "8"]
[White "Silva, Ana Ines Teixeira D"]
[Black "Belluire, Beatrice"]
[Result "0-1"]
[WhiteElo "1933"]
[BlackElo "2070"]
[PlyCount "112"]
[EventDate "2024.04.19"]
[EventType "swiss"]
[EventRounds "10"]
[EventCountry "GRE"]
[SourceTitle "CB18_2024"]
[SourceDate "2024.05.01"]
[SourceVersion "1"]
[SourceVersionDate "2024.05.01"]
[SourceQuality "2"]

1. e4 e5 2. Nf3 Nc6 3. Bc4 Nf6 4. d4 exd4 5. e5 d5 6. Bb5 Ne4 7. Nxd4 Bd7 8. Bxc6 bxc6 9. 0-0 Bc5 10. f3 Ng5 11. Be3 0-0 12. f4 f6 13. exf6 Nh3+ 14. Kh1 Qxf6 15. Nc3 Rae8 16. Ne6 Bxe3 17. Nxf8 Qxf8 18. Qf3 Nxf4 19. Rae1 Ng6 20. Nxd5 Qxf3 21. Rxf3 cxd5 22. Rexe3 Rxe3 23. Rxe3 a5 24. Rc3 c6 25. Ra3 Ne5 26. Rxa5 Kf7 27. Ra7 Ke7 28. Kg1 Nc4 29. Rb7 c5 30. Kf2 Kd6 31. Rb8 Bf5 32. Rd8+ Ke5 33. Re8+ Kd4 34. Re2 Nxb2 35. Rd2+ Kc4 36. h3 d4 37. Re2 Nd1+ 38. Ke1 Ne3 39. g4 Bg6 40. Kd2 Nxc2 41. h4 Na3 42. h5 Nb1+ 43. Ke1 Bd3 44. Re7 Bc2 45. Rxg7 d3 46. Rd7 Kc3 47. g5 d2+ 48. Ke2 Bf5 49. g6 Bxd7 50. gxh7 Bg4+ 51. Ke3 d1Q 52. h8Q+ Qd4+ 53. Qxd4+ cxd4+ 54. Ke4 Bxh5 55. a4 d3 56. a5 d2 0-1

[Event "EU-ch (Women) 24th"]
[Site "Rhodes"]
[Date "2024.04.26"]
[Round "7"]
[White "Orian, Noga"]
[Black "Silva, Ana Ines Teixeira D"]
[Result "1-0"]
[WhiteElo "2099"]
[BlackElo "1933"]
[PlyCount "83"]
[EventDate "2024.04.19"]
[EventType "swiss"]
[EventRounds "10"]
[EventCountry "GRE"]
[SourceTitle "CB18_2024"]
[SourceDate "2024.05.01"]
[SourceVersion "1"]
[SourceVersionDate "2024.05.01"]
[SourceQuality "2"]

1. d4 Nf6 2. c4 e6 3. Nf3 a6 4. g3 b5 5. b3 Bb7 6. Bg2 c5 7. e3 Be7 8. 0-0 0-0 9. Nc3 Ne4 10. Bb2 Nxc3 11. Bxc3 Qc7 12. d5 exd5 13. cxd5 d6 14. Rc1 Nd7 15. e4 Bf6 16. Nh4 Rfe8 17. Nf5 Bxc3 18. Rxc3 Nf6 19. f3 Bc8 20. Ne3 a5 21. Qd2 Ba6 22. Rfc1 h6 23. R3c2 b4 24. Bf1 Bxf1 25. Rxf1 Nd7 26. Nf5 Qb6 27. Kh1 a4 28. g4 axb3 29. axb3 Nf8 30. h4 Ra3 31. Qe3 Qa6 32. Rg1 Ra1 33. Rcg2 Rxg1+ 34. Rxg1 Qb6 35. h5 Qd8 36. Qf4 Re5 37. g5 hxg5 38. Rxg5 g6 39. Nh6+ Kg7 40. Qxf7+ Kxh6 41. Rxg6+ Kxh5 42. Rxd6+ 1-0

[Event "EU-ch (Women) 24th"]
[Site "Rhodes"]
[Date "2024.04.23"]
[Round "5"]
[White "Dwilewicz, Katarzyna"]
[Black "Silva, Ana Ines Teixeira D"]
[Result "1-0"]
[WhiteElo "2130"]
[BlackElo "1933"]
[PlyCount "41"]
[EventDate "2024.04.19"]
[EventType "swiss"]
[EventRounds "10"]
[EventCountry "GRE"]
[SourceTitle "CB18_2024"]
[SourceDate "2024.05.01"]
[SourceVersion "1"]
[SourceVersionDate "2024.05.01"]
[SourceQuality "2"]

1. e4 e5 2. Bc4 Nf6 3. d3 Nc6 4. Nc3 Bc5 5. f4 d6 6. Nf3 exf4 7. Bxf4 Bg4 8. Qd2 Bxf3 9. gxf3 Ne5 10. 0-0-0 Nxc4 11. dxc4 Qd7 12. Be3 Bxe3 13. Qxe3 Qe7 14. Rhg1 0-0 15. Ne2 Qe5 16. Rg5 Qe6 17. Nd4 Qe7 18. Nf5 Qd8 19. Rxg7+ Kh8 20. Qh6 b5 21. Rxh7+ 1-0

[Event "Leca da Palmeira 2nd"]
[Site "Leca da Palmeira"]
[Date "2023.08.06"]
[Round "9"]
[White "Silva, Ana Ines Teixeira D"]
[Black "Morais, Miguel Almeida"]
[Result "1-0"]
[WhiteElo "1833"]
[BlackElo "1923"]
[PlyCount "87"]
[EventDate "2023.07.31"]
[EventType "swiss"]
[EventRounds "9"]
[EventCountry "POR"]
[SourceTitle "CBM 215 Extra"]
[Source "ChessBase"]
[SourceDate "2023.09.30"]
[SourceVersion "1"]
[SourceVersionDate "2023.09.30"]
[SourceQuality "1"]

1. e4 c6 2. d4 d5 3. exd5 cxd5 4. c4 Nf6 5. Nc3 Nc6 6. Nf3 a6 7. cxd5 Nxd5 8. Bc4 Be6 9. Qe2 Nxc3 10. bxc3 Bxc4 11. Qxc4 e6 12. 0-0 Be7 13. Bf4 0-0 14. Rab1 Na5 15. Qd3 Qd5 16. Rfe1 b5 17. Re5 Qc4 18. Qe4 g6 19. Bh6 Rfc8 20. Re1 Nc6 21. Qf4 Ra7 22. h4 Qd3 23. R5e4 Rd8 24. Ne5 Nxe5 25. Qxe5 Bf8 26. Bxf8 Rxf8 27. h5 Qd2 28. R4e3 Qxa2 29. Qf6 h6 30. Rg3 Qd2 31. Re5 g5 32. Qxh6 f6 33. Rexg5+ fxg5 34. Rxg5+ Qxg5 35. Qxg5+ Rg7 36. Qe5 Kh7 37. Qxe6 Ra7 38. d5 Rff7 39. g4 a5 40. g5 Rfb7 41. Qf5+ Kh8 42. g6 Ra8 43. Qf6+ Kg8 44. h6 1-0

[Event "POR-ch (Women)"]
[Site "Vila Nova de Famalicao"]
[Date "2023.04.23"]
[Round "4"]
[White "Silva, Ana Ines Teixeira D"]
[Black "Cymbron, Victoria"]
[Result "1-0"]
[WhiteElo "1831"]
[BlackElo "1629"]
[PlyCount "145"]
[EventDate "2023.04.22"]
[EventType "swiss"]
[EventRounds "6"]
[EventCountry "POR"]
[SourceTitle "CBM 213 Extra"]
[Source "ChessBase"]
[SourceDate "2023.05.31"]
[SourceVersion "1"]
[SourceVersionDate "2023.05.31"]
[SourceQuality "1"]

1. e4 c6 2. d4 d5 3. exd5 cxd5 4. c4 Nf6 5. Nc3 e6 6. Nf3 Be7 7. cxd5 Nxd5 8. Bd3 Nc6 9. 0-0 0-0 10. a3 Bf6 11. Be4 a6 12. Re1 h6 13. Bc2 Nde7 14. Be3 Re8 15. Qd2 Nd5 16. Ne4 b6 17. Nxf6+ Nxf6 18. Rad1 Bb7 19. Qe2 Rc8 20. Ne5 Qe7 21. Ng4 Nxg4 22. Qxg4 Qf6 23. Be4 Red8 24. f3 b5 25. Bf2 g5 26. h4 Qg7 27. Qg3 Na5 28. Bxb7 Nxb7 29. hxg5 Rc2 30. gxh6 Qxg3 31. Bxg3 Rxb2 32. d5 exd5 33. Re7 Nc5 34. Rd4 Rb1+ 35. Kh2 Kh7 36. Rxf7+ Kxh6 37. Rg4 Nd3 38. Rf6+ Kh7 39. Bd6 Rb2 40. Bf8 Rxf8 41. Rxf8 Ne1 42. Rf7+ Kh6 43. Rf6+ Kh7 44. f4 d4 45. Rd6 d3 46. f5 Rf2 47. f6 d2 48. Rd7+ Kh6 49. f7 Nf3+ 50. Kg3 Ne5 51. Kxf2 Nxg4+ 52. Ke2 Kg7 53. Kxd2 Ne5 54. Ra7 Nc4+ 55. Kc3 Nxa3 56. Rxa6 Nc4 57. Ra7 Ne5 58. Rb7 Nxf7 59. Rxb5 Kf6 60. Kd3 Ng5 61. Ke3 Ne6 62. Ke4 Ng5+ 63. Kf4 Ne6+ 64. Kg4 Nd4 65. Rb6+ Ke5 66. g3 Ne6 67. Rb1 Kf6 68. Kh4 Nd4 69. Rb6+ Kf5 70. g4+ Kf4 71. Rb4 Ke5 72. Rxd4 Kxd4 73. Kg5 1-0

[Event "POR-ch (Women)"]
[Site "Vila Nova de Famalicao"]
[Date "2023.04.22"]
[Round "2"]
[White "Silva, Ana Ines Teixeira D"]
[Black "Valente, Sofia"]
[Result "1/2-1/2"]
[WhiteElo "1831"]
[BlackElo "1538"]
[PlyCount "46"]
[EventDate "2023.04.22"]
[EventType "swiss"]
[EventRounds "6"]
[EventCountry "POR"]
[SourceTitle "CBM 213 Extra"]
[Source "ChessBase"]
[SourceDate "2023.05.31"]
[SourceVersion "1"]
[SourceVersionDate "2023.05.31"]
[SourceQuality "1"]

1. e4 c5 2. c3 d5 3. exd5 Qxd5 4. d4 g6 5. Nf3 Bg7 6. Nbd2 Nc6 7. Bc4 Qd8 8. dxc5 Nf6 9. 0-0 0-0 10. Nb3 Qc7 11. h3 Bf5 12. Qe2 Rad8 13. Nfd4 Nxd4 14. cxd4 Nd5 15. Be3 Nb4 16. Rfd1 a5 17. a4 Kh8 18. Rd2 Nd5 19. Rad1 Be6 20. Nc1 Kg8 21. Bxd5 Bxd5 22. h4 Qc6 23. f3 Qxa4 1/2-1/2

[Event "EU-ch (Women) 23rd"]
[Site "Petrovac"]
[Date "2023.03.23"]
[Round "6"]
[White "Silva, Ana Ines Teixeira D"]
[Black "Kulon, Klaudia"]
[Result "0-1"]
[WhiteElo "1792"]
[BlackElo "2290"]
[PlyCount "66"]
[EventDate "2023.03.18"]
[EventType "swiss"]
[EventRounds "11"]
[EventCountry "MNE"]
[SourceTitle "CBM 213 Extra"]
[Source "ChessBase"]
[SourceDate "2023.05.31"]
[SourceVersion "1"]
[SourceVersionDate "2023.05.31"]
[SourceQuality "1"]

1. e4 c5 2. c3 Nf6 3. e5 Nd5 4. Nf3 Nc6 5. Bc4 Nb6 6. Bb3 d5 7. exd6 c4 8. Bc2 Qxd6 9. 0-0 g6 10. b3 Bg7 11. Qe2 Be6 12. Ng5 Bd5 13. Ne4 Qc7 14. Na3 cxb3 15. axb3 0-0 16. d4 a6 17. Bg5 f5 18. Nc5 e5 19. dxe5 Nxe5 20. b4 Ng4 21. f4 Bxc3 22. Ne6 Qc6 23. Nxf8 Bd4+ 24. Kh1 Re8 25. Be4 Bxe4 26. Rac1 Nf2+ 27. Qxf2 Bxf2 28. Rxc6 Bxc6 29. Bh6 Be1 30. Nc2 Bc3 31. h3 Re2 32. Rc1 Rxg2 33. Nd4 Rc2+ 0-1

[Event "Olympiad Women-44"]
[Site "Chennai"]
[Date "2022.08.07"]
[Round "9.4"]
[White "Silva, Ana Ines Teixeira D"]
[Black "Bouah, Denise"]
[Result "1-0"]
[WhiteElo "1775"]
[BlackElo "1736"]
[PlyCount "99"]
[EventDate "2022.07.29"]
[EventType "team-swiss"]
[EventRounds "11"]
[EventCountry "IND"]
[SourceTitle "CBM 210"]
[Source "ChessBase"]
[SourceDate "2022.10.31"]
[SourceVersion "1"]
[SourceVersionDate "2022.10.31"]
[SourceQuality "1"]
[WhiteTeam "Portugal (W)"]
[BlackTeam "South Africa (W)"]
[WhiteTeamCountry "POR"]
[BlackTeamCountry "RSA"]

1. e4 c5 2. Nc3 d6 3. g3 Nc6 4. Bg2 g6 5. d3 Bg7 6. f4 e6 7. Be3 Rb8 8. Nf3 Nd4 9. 0-0 b5 10. e5 dxe5 11. fxe5 f5 12. exf6 Nxf6 13. Bf4 Rb6 14. a4 a6 15. a5 Rb7 16. Ng5 Nd5 17. Nce4 Nxf4 18. Rxf4 Rc7 19. g4 h6 20. Nh3 Be5 21. Rf1 Qe7 22. c3 Nc6 23. Qe2 Bg7 24. Nf4 Ne5 25. d4 cxd4 26. cxd4 Nc4 27. Nxg6 Bxd4+ 28. Kh1 Qg7 29. Nxh8 Qxh8 30. Rac1 Bxb2 31. Rc2 Be5 32. Nd2 Nxa5 33. Rxc7 Bxc7 34. Qf3 Qg7 35. Ne4 Nc4 36. Nf6+ Ke7 37. Qc6 Be5 38. Qe8+ Kd6 39. Ne4+ Kc7 40. Rf7+ Qxf7 41. Qxf7+ Kb6 42. Qf8 Bb7 43. Qd8+ Bc7 44. Qd4+ Ka5 45. Nd2 Bxg2+ 46. Kxg2 Nxd2 47. Qxd2+ b4 48. Qxh6 Ka4 49. Qxe6 Kb5 50. g5 1-0

[Event "Olympiad Women-44"]
[Site "Chennai"]
[Date "2022.08.02"]
[Round "5.4"]
[White "Silva, Ana Ines Teixeira D"]
[Black "Lopez L, Dairyn D"]
[Result "1-0"]
[WhiteElo "1775"]
[BlackElo "1574"]
[PlyCount "73"]
[EventDate "2022.07.29"]
[EventType "team-swiss"]
[EventRounds "11"]
[EventCountry "IND"]
[SourceTitle "CBM 210"]
[Source "ChessBase"]
[SourceDate "2022.10.31"]
[SourceVersion "1"]
[SourceVersionDate "2022.10.31"]
[SourceQuality "1"]
[WhiteTeam "Portugal (W)"]
[BlackTeam "Guatemala (W)"]
[WhiteTeamCountry "POR"]
[BlackTeamCountry "GUA"]

1. e4 g6 2. d4 Bg7 3. Nc3 d6 4. Be3 Nd7 5. f4 c5 6. Nf3 Nh6 7. h3 a6 8. a4 e6 9. Be2 b6 10. 0-0 0-0 11. Qd2 f5 12. Ng5 Qe7 13. Bc4 Nf6 14. e5 dxe5 15. dxe5 Nh5 16. Rad1 Re8 17. Qd6 Bf8 18. Qxe7 Rxe7 19. Rd6 Nf7 20. Nxf7 Kxf7 21. Rxb6 Rc7 22. Rd1 Be7 23. a5 Ng7 24. Nb1 Nh5 25. Nd2 Ng7 26. Bb3 Rd7 27. c3 Rd3 28. Nc4 Rxd1+ 29. Bxd1 Kf8 30. Nd6 Bd7 31. Bf3 Rd8 32. Bxc5 Ne8 33. Rxa6 Bc8 34. Rb6 Bd7 35. b4 Nc7 36. a6 Bxd6 37. Bxd6+ 1-0

[Event "Olympiad Women-44"]
[Site "Chennai"]
[Date "2022.08.01"]
[Round "4.4"]
[White "Rozman, Monika"]
[Black "Silva, Ana Ines Teixeira D"]
[Result "1-0"]
[WhiteElo "2104"]
[BlackElo "1775"]
[PlyCount "41"]
[EventDate "2022.07.29"]
[EventType "team-swiss"]
[EventRounds "11"]
[EventCountry "IND"]
[SourceTitle "CBM 210"]
[Source "ChessBase"]
[SourceDate "2022.10.31"]
[SourceVersion "1"]
[SourceVersionDate "2022.10.31"]
[SourceQuality "1"]
[WhiteTeam "Slovenia (W)"]
[BlackTeam "Portugal (W)"]
[WhiteTeamCountry "SLO"]
[BlackTeamCountry "POR"]

1. e4 e5 2. Nf3 Nc6 3. Bc4 Nf6 4. d3 Bc5 5. Nc3 a6 6. 0-0 d6 7. h3 Ba7 8. Be3 Bxe3 9. fxe3 0-0 10. a4 Na5 11. Ba2 c5 12. Rf2 Nc6 13. Qe2 Rb8 14. Ng5 Ne7 15. Raf1 h6 16. Rxf6 gxf6 17. Rxf6 d5 18. Qh5 hxg5 19. Bxd5 Nf5 20. Rg6+ Ng7 21. Qh6 1-0

[Event "Olympiad Women-44"]
[Site "Chennai"]
[Date "2022.07.29"]
[Round "1.4"]
[White "Silva, Ana Ines Teixeira D"]
[Black "Aishath, Alya Mohamed Sharee"]
[Result "1-0"]
[WhiteElo "1775"]
[BlackElo "1110"]
[PlyCount "67"]
[EventDate "2022.07.29"]
[EventType "team-swiss"]
[EventRounds "11"]
[EventCountry "IND"]
[SourceTitle "CBM 210"]
[Source "ChessBase"]
[SourceDate "2022.10.31"]
[SourceVersion "1"]
[SourceVersionDate "2022.10.31"]
[SourceQuality "1"]
[WhiteTeam "Portugal (W)"]
[BlackTeam "Maldives (W)"]
[WhiteTeamCountry "POR"]
[BlackTeamCountry "MDV"]

1. e4 e6 2. d4 d5 3. exd5 exd5 4. Nf3 Bd6 5. c4 c6 6. Bd3 Nf6 7. 0-0 0-0 8. Nc3 h6 9. h3 Be6 10. c5 Bc7 11. b4 Nbd7 12. Be3 a6 13. a4 Qe7 14. Re1 Rfe8 15. Qd2 Qf8 16. Bc2 b5 17. Bf4 Bxf4 18. Qxf4 g5 19. Qd2 Nh5 20. Ne5 Rac8 21. axb5 axb5 22. Ra6 Nb8 23. Ra7 Nf4 24. Ne2 Qg7 25. Nxf4 gxf4 26. Qxf4 Rf8 27. Re3 Qg5 28. Rg3 Qxg3 29. Qxg3+ Kh8 30. Qd3 f5 31. Ng6+ Kg8 32. Nxf8 Rxf8 33. Qg3+ Kh8 34. Qg7# 1-0

[Event "Titled Tuesday intern op 12th Jul Late"]
[Site "Chess.com INT"]
[Date "2022.07.12"]
[Round "4"]
[White "Silva, Ana Ines Teixeira D"]
[Black "Thiel, Thomas"]
[Result "0-1"]
[WhiteElo "1775"]
[BlackElo "2265"]
[PlyCount "102"]
[EventDate "2022.07.12"]
[EventType "swiss (blitz)"]
[EventRounds "11"]
[EventCountry "USA"]
[SourceTitle "EXT 2023"]
[Source "ChessBase"]
[SourceDate "2022.10.05"]
[SourceVersion "1"]
[SourceVersionDate "2022.10.05"]
[SourceQuality "1"]

1. e4 d5 2. exd5 Nf6 3. Bb5+ Nbd7 4. Nc3 a6 5. Ba4 b5 6. Bb3 Nc5 7. d4 Nxb3 8. axb3 Bb7 9. Nf3 Nxd5 10. Nxd5 Qxd5 11. 0-0 e6 12. Qe2 Bd6 13. c4 Qh5 14. d5 0-0 15. h3 exd5 16. cxb5 axb5 17. Rxa8 Bxa8 18. Qxb5 c5 19. Qe2 d4 20. b4 Bxf3 21. Qxf3 Qxf3 22. gxf3 cxb4 23. Rd1 Bc5 24. Bf4 Re8 25. Kf1 f6 26. Rd3 Kf7 27. Bd2 Ke6 28. Rb3 Rb8 29. Ke2 Kd5 30. Kd3 g6 31. f4 f5 32. h4 h5 33. f3 Be7 34. Be1 Kc5 35. Bf2 Bf6 36. Kd2 Kc4 37. Rd3 b3 38. Bg3 Ra8 39. Bf2 Ra2 40. Kc1 Ra1+ 41. Kd2 Rf1 42. Be1 Rh1 43. Ke2 Rh2+ 44. Bf2 Bxh4 45. Rxd4+ Kb5 46. Rd5+ Kc6 47. Rc5+ Kd6 48. Rb5 Rxf2+ 49. Kd3 Rxb2 50. Rb6+ Kd5 51. Rxg6 Rf2 0-1

[Event "Online Olym Div2 C"]
[Site "Chess.com INT"]
[Date "2021.09.03"]
[Round "6.5"]
[White "Silva, Ana Ines Teixeira D"]
[Black "Mawire, Rumbidzai"]
[Result "1-0"]
[WhiteElo "1804"]
[BlackElo "1388"]
[PlyCount "59"]
[EventDate "2021.09.02"]
[EventType "team (rapid)"]
[EventRounds "9"]
[EventCountry "USA"]
[SourceTitle "CBM 204 Extra"]
[Source "ChessBase"]
[SourceDate "2021.11.30"]
[SourceVersion "1"]
[SourceVersionDate "2021.11.30"]
[SourceQuality "1"]
[WhiteTeam "Portugal"]
[BlackTeam "Zimbabwe"]
[WhiteTeamCountry "POR"]
[BlackTeamCountry "ZIM"]

1. e4 c5 2. Nc3 e6 3. Nge2 a6 4. g3 Qc7 5. Bg2 Nf6 6. 0-0 Be7 7. d3 d6 8. f4 Nbd7 9. h3 0-0 10. Be3 Re8 11. Qe1 Nb6 12. Nd1 Bd7 13. g4 Bc6 14. Kh1 c4 15. g5 Nfd7 16. Nf2 d5 17. Ng4 dxe4 18. dxe4 Nf8 19. Qf2 Nbd7 20. Ng3 b5 21. f5 f6 22. Nh5 e5 23. Qh4 Qd8 24. gxf6 Nxf6 25. Ngxf6+ Bxf6 26. Nxf6+ Qxf6 27. Bg5 Qf7 28. Bf3 Qb7 29. Rg1 Ra7 30. Bh6 1-0

[Event "EU-ch U18 Girls"]
[Site "Bratislava"]
[Date "2019.08.08"]
[Round "7"]
[White "Silva, Ana Ines Teixeira D"]
[Black "Godart, Clara"]
[Result "1-0"]
[WhiteElo "1812"]
[BlackElo "1736"]
[PlyCount "49"]
[EventDate "2019.08.02"]
[EventType "swiss"]
[EventRounds "9"]
[EventCountry "SVK"]
[SourceTitle "CBM 191 Extra"]
[Source "ChessBase"]
[SourceDate "2019.09.30"]
[SourceVersion "1"]
[SourceVersionDate "2019.09.30"]
[SourceQuality "1"]

1. e4 e6 2. d4 d5 3. Nd2 c5 4. exd5 Qxd5 5. dxc5 Bxc5 6. Ngf3 Nf6 7. Bc4 Qd6 8. 0-0 0-0 9. Qe2 Nbd7 10. Ne4 Nxe4 11. Qxe4 Nf6 12. Qh4 b6 13. Bf4 Qc6 14. Ne5 Qb7 15. Bd3 Bd4 16. Bg5 h6 17. Bxf6 gxf6 18. Ng4 f5 19. Nxh6+ Kg7 20. Nxf5+ exf5 21. Qxd4+ f6 22. Rfe1 Rf7 23. Re3 Bd7 24. Rg3+ Kf8 25. Qd6+ 1-0

[Event "EU-ch U18 Girls"]
[Site "Bratislava"]
[Date "2019.08.07"]
[Round "6"]
[White "Petrova, Vita"]
[Black "Silva, Ana Ines Teixeira D"]
[Result "1-0"]
[WhiteElo "1443"]
[BlackElo "1812"]
[PlyCount "143"]
[EventDate "2019.08.02"]
[EventType "swiss"]
[EventRounds "9"]
[EventCountry "SVK"]
[SourceTitle "CBM 191 Extra"]
[Source "ChessBase"]
[SourceDate "2019.09.30"]
[SourceVersion "1"]
[SourceVersionDate "2019.09.30"]
[SourceQuality "1"]

1. d4 Nf6 2. Bf4 g6 3. Nf3 Bg7 4. e3 d6 5. h3 0-0 6. Be2 Nfd7 7. 0-0 Nc6 8. c4 e5 9. Bh2 f5 10. Nc3 Ne7 11. b4 h6 12. Qb3 Kh8 13. Rfd1 Qe8 14. Nb5 Qf7 15. Nxc7 Rb8 16. Nb5 Qf6 17. Nxa7 g5 18. dxe5 Nxe5 19. Nxe5 dxe5 20. Nxc8 Rbxc8 21. Rd7 f4 22. exf4 exf4 23. Rad1 Nf5 24. Bg4 b6 25. R7d5 Ne7 26. Rd6 Qc3 27. Qxc3 Bxc3 28. Bxc8 Rxc8 29. Rd8+ Rxd8 30. Rxd8+ Kg7 31. a3 Bb2 32. a4 Ba3 33. c5 bxc5 34. Rd7 Kf6 35. b5 Ke6 36. Rd2 Nd5 37. Kf1 c4 38. Rc2 c3 39. Ke2 Bb2 40. a5 Kd6 41. b6 Nb4 42. Kd1 Kc6 43. f3 Kb7 44. Bg1 Nc6 45. Rxb2 cxb2 46. Kc2 Nxa5 47. Kxb2 Nc4+ 48. Kc3 Nxb6 49. Bxb6 Kxb6 50. Kd4 Kc6 51. Ke4 Kd6 52. Kf5 Ke7 53. Kg6 Ke6 54. Kxh6 Kf6 55. Kh5 Kf5 56. h4 gxh4 57. Kxh4 Kf6 58. Kg4 Ke5 59. Kg5 Ke6 60. Kxf4 Kf6 61. g4 Kg6 62. Ke5 Kg5 63. f4+ Kg6 64. f5+ Kf7 65. g5 Kg7 66. Ke6 Kf8 67. g6 Kg8 68. f6 Kh8 69. Ke7 Kg8 70. g7 Kh7 71. Kf7 Kh6 72. g8Q 1-0

[Event "EU-ch U18 Girls"]
[Site "Bratislava"]
[Date "2019.08.06"]
[Round "5"]
[White "Silva, Ana Ines Teixeira D"]
[Black "Levin, Emily"]
[Result "1/2-1/2"]
[WhiteElo "1812"]
[BlackElo "1578"]
[PlyCount "120"]
[EventDate "2019.08.02"]
[EventType "swiss"]
[EventRounds "9"]
[EventCountry "SVK"]
[SourceTitle "CBM 191 Extra"]
[Source "ChessBase"]
[SourceDate "2019.09.30"]
[SourceVersion "1"]
[SourceVersionDate "2019.09.30"]
[SourceQuality "1"]

1. Nf3 d5 2. b3 Nf6 3. Bb2 Bf5 4. d3 e6 5. g3 Be7 6. Bg2 h6 7. 0-0 Nbd7 8. Nbd2 0-0 9. Re1 c6 10. e4 dxe4 11. dxe4 Bh7 12. Qe2 Qc7 13. Rad1 Rad8 14. e5 Nd5 15. c4 Nb4 16. Ne4 Bxe4 17. Qxe4 Nc5 18. Qb1 Nbd3 19. Re2 Nxb2 20. Rxb2 Rxd1+ 21. Qxd1 Rd8 22. Qe2 Na6 23. Rd2 Bb4 24. Rd4 Rxd4 25. Nxd4 Bc3 26. Qd3 Bb2 27. Qd2 Ba1 28. Nf3 Bxe5 29. Nxe5 Qxe5 30. Qd8+ Kh7 31. Qd7 Qc7 32. Qd3+ Kg8 33. a3 Nc5 34. Qe3 Qb6 35. b4 Nd7 36. Qf4 e5 37. Qf5 Qc7 38. Be4 Nf6 39. Bc2 Kf8 40. c5 Ke7 41. h4 g6 42. Qf3 Qd7 43. Bb3 Qd4 44. Qe2 Nd5 45. h5 Kf8 46. hxg6 fxg6 47. Qf3+ Kg7 48. Bc2 Qc3 49. Qe4 Ne7 50. Qh4 Qe1+ 51. Kg2 Nd5 52. Qg4 Ne3+ 53. fxe3 Qd2+ 54. Kf3 Qxc2 55. Qd7+ Kf6 56. Qd6+ Kf7 57. Qxe5 Qd1+ 58. Kg2 Qd2+ 59. Kh3 Qd7+ 60. Kg2 Qd2+ 1/2-1/2

[Event "EU-ch U18 Girls"]
[Site "Bratislava"]
[Date "2019.08.02"]
[Round "1"]
[White "Silva, Ana Ines Teixeira D"]
[Black "Maksimovic, Masa"]
[Result "0-1"]
[WhiteElo "1812"]
[BlackElo "2136"]
[PlyCount "186"]
[EventDate "2019.08.02"]
[EventType "swiss"]
[EventRounds "9"]
[EventCountry "SVK"]
[SourceTitle "CBM 191 Extra"]
[Source "ChessBase"]
[SourceDate "2019.09.30"]
[SourceVersion "1"]
[SourceVersionDate "2019.09.30"]
[SourceQuality "1"]

1. e4 g6 2. d4 Bg7 3. Nc3 d6 4. g3 Nf6 5. Bg2 0-0 6. Nge2 Nbd7 7. 0-0 c5 8. d5 Rb8 9. a4 b6 10. h3 a6 11. g4 Ne8 12. Ng3 Nc7 13. Nce2 b5 14. axb5 axb5 15. c3 Bb7 16. Be3 Nb6 17. Qc1 Re8 18. Bh6 Bh8 19. f4 e6 20. dxe6 Rxe6 21. f5 Re8 22. fxg6 fxg6 23. Qf4 Qe7 24. h4 Be5 25. Qf2 Ne6 26. h5 Ng7 27. hxg6 hxg6 28. b3 Rf8 29. Qe3 Rxf1+ 30. Rxf1 Rf8 31. Bg5 Rxf1+ 32. Nxf1 Qf7 33. b4 Nc4 34. Qf2 Ne6 35. Qxf7+ Kxf7 36. Bh4 cxb4 37. cxb4 Nd4 38. Nc3 Nf3+ 39. Bxf3 Bxc3 40. Bg3 Bxb4 41. Kf2 Bc8 42. Ke2 Kf6 43. Bf4 g5 44. Bc1 Bc5 45. Ng3 b4 46. e5+ Nxe5 47. Ne4+ Kg6 48. Bxg5 Ba6+ 49. Kd1 Nxf3 50. Nxc5 dxc5 51. Be7 b3 52. Bxc5 Bd3 53. Kc1 Kg5 54. Kb2 Bc2 55. Bb4 Kxg4 56. Bc3 Kf5 57. Kc1 Ke4 58. Kb2 Kd3 59. Bh8 Nd2 60. Bg7 Nc4+ 61. Kc1 Ke4 62. Bh8 Kd5 63. Bg7 Kc5 64. Bf8+ Kb5 65. Bg7 Ka4 66. Bf8 Bg6 67. Bg7 Ka3 68. Bf8+ Ka2 69. Bg7 b2+ 70. Bxb2 Nxb2 71. Kd2 Kb3 72. Ke3 Kc3 73. Kf4 Kd4 74. Kg5 Be4 75. Kf6 Nc4 76. Ke6 Ne3 77. Kd6 Bd5 78. Ke7 Ke5 79. Kd7 Nc4 80. Kc7 Ke6 81. Kd8 Bc6 82. Kc7 Bb5 83. Kd8 Ba4 84. Kc7 Ke7 85. Kc8 Bb5 86. Kc7 Bd7 87. Kb7 Kd6 88. Ka7 Kc6 89. Ka6 Kc7 90. Ka7 Bc8 91. Ka8 Ne5 92. Ka7 Nc6+ 93. Ka8 Bb7# 0-1

[Event "Olympiad Women-43"]
[Site "Batumi"]
[Date "2018.10.03"]
[Round "9.4"]
[White "Silva, Ana Ines Teixeira D"]
[Black "Reid, Caitlin"]
[Result "1-0"]
[WhiteElo "1890"]
[BlackElo "1488"]
[PlyCount "36"]
[EventDate "2018.09.24"]
[EventType "team-swiss"]
[EventRounds "11"]
[EventCountry "GEO"]
[SourceTitle "EXT 2020"]
[Source "ChessBase"]
[SourceDate "2019.10.17"]
[SourceVersion "1"]
[SourceVersionDate "2019.10.17"]
[SourceQuality "1"]
[WhiteTeam "Portugal (W)"]
[BlackTeam "Scotland (W)"]
[WhiteTeamCountry "POR"]
[BlackTeamCountry "SCO"]

1. e4 c5 2. Nc3 Nc6 3. g3 g6 4. Bg2 Bg7 5. d3 d6 6. f4 e6 7. Nf3 Nge7 8. Be3 Qb6 9. Rb1 d5 10. exd5 exd5 11. Bf2 Bf5 12. 0-0 d4 13. Ne4 Rd8 14. Nfd2 Be6 15. Re1 h6 16. Qe2 Bxa2 17. Nd6+ Rxd6 18. Bxc6+ Rxc6 1-0

[Event "Olympiad Women-43"]
[Site "Batumi"]
[Date "2018.09.30"]
[Round "6.43"]
[White "Carreras Colman, Luz Gabriela"]
[Black "Silva, Ana Ines Teixeira D"]
[Result "0-1"]
[WhiteElo "1397"]
[BlackElo "1890"]
[PlyCount "92"]
[EventDate "2018.09.24"]
[EventType "team-swiss"]
[EventRounds "11"]
[EventCountry "GEO"]
[SourceTitle "EXT 2020"]
[Source "ChessBase"]
[SourceDate "2019.10.17"]
[SourceVersion "1"]
[SourceVersionDate "2019.10.17"]
[SourceQuality "1"]
[WhiteTeam "Paraguay (W)"]
[BlackTeam "Portugal (W)"]
[WhiteTeamCountry "PAR"]
[BlackTeamCountry "POR"]

1. d4 Nf6 2. Bf4 d5 3. e3 c5 4. c3 Nc6 5. Nf3 Qb6 6. Qc2 cxd4 7. exd4 Bf5 8. Qxf5 Qxb2 9. Be2 e6 10. Qd3 Qxa1 11. Qc2 Ba3 12. 0-0 Qb2 13. Nxa3 Qxa3 14. Rb1 Qe7 15. Rb2 0-0 16. Qb1 b6 17. Bb5 Qb7 18. Qd3 Ne4 19. Ba4 Na5 20. Bc2 Rac8 21. Bd2 Nc4 22. Rb3 f5 23. Be1 Qe7 24. Ne5 Nxe5 25. dxe5 Nc5 26. Qb5 Nxb3 27. Bxb3 Rc5 28. Qd3 Qc7 29. f4 Rc8 30. g3 Rc4 31. Bd2 Qc5+ 32. Kg2 Rxc3 33. Bxc3 Qxc3 34. Qa6 Qd2+ 35. Kh3 Qc1 36. Qe2 Qb1 37. Qb5 Rf8 38. Qe2 Qc1 39. Qb5 Qc7 40. Kg2 Qb7 41. Kf2 Rc8 42. Qf1 b5 43. Qe2 a5 44. a4 b4 45. h3 Rc3 46. Qd1 Qb6+ 0-1